Statistics for Biggest cities in countries ending by -stan

Click here to take the quiz!

General Stats

  • This quiz has been taken 17 times
  • The average score is 13 of 20

Answer Stats

PopulationCountryAnswer% Correct
1.977MKazakhstanAlmaty
100%
727KTurkmenistanAshgabat
100%
4.43MAfghanistanKabul
100%
11.62MPakistanKarachi
100%
6.31MPakistanLahore
100%
1.978MUzbekistanTashkent
100%
680KTajikistanDushanbe
94%
900KKyrgyzstanBishkek
88%
1.22MPakistanPeshawar
75%
2.51MPakistanFaisalabad
69%
1.74MPakistanRawalpindi
69%
1.39MPakistanHyderabad
63%
734KPakistanQuetta
50%
1.44MPakistanMultan
44%
1.20MKazakhstanShymkent
44%
1.38MPakistanGujranwala
38%
725KPakistanMuzaffarabad
6%
1.01MUzbekistanNamagan
6%
788KPakistanRahim Yar Khan
6%
700KPakistanBattagram
0%

Score Distribution

Percentile by Number Answered

Percent of People with Each Score

Your Score History

You have not taken this quiz